Vocalizing silence : (Record no. 20855)

MARC details
000 -LEADER
fixed length control field 01231nam a22002898a 4500
005 - DATE AND TIME OF LATEST TRANSACTION
control field 20080808184856.0
008 - FIXED-LENGTH DATA ELEMENTS--GENERAL INFORMATION
fixed length control field 080808s2008 ii b 001 0 eng
010 ## - LCCN (DPL NO)
LC control number ENG-92457
020 ## - INTERNATIONAL STANDARD BOOK NUMBER
International Standard Book Number 9780761936343
Terms of availability 795.00
035 ## - SYSTEM CONTROL NUMBER
System control number EN-75990
037 ## - SOURCE OF ACQUISITION
Source of stock number/acquisition DBAD / PUB
040 ## - CATALOGING SOURCE
Original cataloging agency dpl
Language of cataloging English
082 ## - DEWEY DECIMAL CLASSIFICATION NUMBER
Classification number 954.54
100 ## - MAIN ENTRY--PERSONAL NAME
Personal name Nanda, Chandi Prasad
245 ## - TITLE STATEMENT
Title Vocalizing silence :
Remainder of title political protests in Orissa, 1930-42 /
Statement of responsibility, etc by Chandi Prasad Nanda.
260 ## - PUBLICATION, DISTRIBUTION, ETC. (IMPRINT)
Place of publication, distribution, etc New Delhi ;
Name of publisher, distributor, etc Sage Publications,
Date of publication, distribution, etc 2008
300 ## - PHYSICAL DESCRIPTION
Extent xx, 413p.
Dimensions 23cm (Hb)
490 ## - SERIES STATEMENT
Series statement Sage series in modern Indian history ; 13
500 ## - GENERAL NOTE
General note Includes bibliographical references and index.
650 ## - SUBJECT ADDED ENTRY--TOPICAL TERM
Topical term or geographic name as entry element Protest movements
Geographic subdivision India
-- Orissa
General subdivision History
Chronological subdivision 20th century
651 ## - SUBJECT ADDED ENTRY--GEOGRAPHIC NAME
Geographic name India
General subdivision History
-- Autonomy and independence movements.
651 ## - SUBJECT ADDED ENTRY--GEOGRAPHIC NAME
Geographic name Orissa (India)
General subdivision Social conditions
Chronological subdivision 20th century.
651 ## - SUBJECT ADDED ENTRY--GEOGRAPHIC NAME
Geographic name Orissa (India)
General subdivision Politics and government
Chronological subdivision 20th century.
651 ## - SUBJECT ADDED ENTRY--GEOGRAPHIC NAME
Geographic name India
General subdivision Politics and government
Chronological subdivision 1919-1947.
942 ## - ADDED ENTRY ELEMENTS (KOHA)
Source of classification or shelving scheme Dewey Decimal Classification
Item type English Books
Classification part 954.54
Call number suffix NAN
Holdings
Withdrawn status Lost status Source of classification or shelving scheme Damaged status Not for loan Collection code Home library Current library Date acquired Source of acquisition Cost, normal purchase price Total Checkouts Full call number Barcode Date last seen Copy number Cost, replacement price Koha item type
    Dewey Decimal Classification   Not For Loan Non-fiction D.B.Act.Division D.B.Act.Division 12/01/2009 DBAB / PUB 795.00   954.54 NAN EN-75990 12/01/2009 1 795.00 English Books

© Delhi Public Library
Hit Counter
free hit counter